000 00993nam a2200253 i 4500
001 8532
003 ES-MaACL
005 20230906145457.0
007 t|
008 920713s1991 sp ||||1| spa d
020 _a84-86133-94-7
080 _a351.83:347.91/95](46)(094.46)
080 _a347.91/95:351.83](46)(094.46)
100 1 _aLorca Navarrete, Antonio Mª.
_974077
245 1 0 _aComentarios a la ley de procedimiento laboral
_b: con formularios y jurisprudencia /
_cAntonio Mª Lorca Navarrete, Ramón Ruiz Jiménez, Isidoro Alvarez Sacristán ; prólogo de José Almagro Nosete.
260 _aMadrid :
_bDykinson,
_c1991.
300 _a998 p. ;
_c24 cm.
650 4 _aProcedimiento laboral-
_zEspaña-
_vLegislación.
_916428
650 1 4 _aProcedimiento laboral-
_zEspaña-
_xJurisprudencia.
_916427
700 1 _aRuiz Jiménez, Ramón.
_9100844
700 1 _aAlvarez Sacristán, Isidoro.
_920955
700 1 _aAlmagro Nosete, José.
_920079
852 _aES-MaACL
_jL-15871
_bR.120650
999 _c8532
_d8532